ბათუმის შოთა რუსთაველის სახელმწიფო უნივერსიტეტის ბიბლიოთეკა

Linguistische Diskursanalyse: (ბიბ.ჩანაწერი № 51256)

000 -LEADER
fixed length control field 00694nam a2200217Ia 4500
001 - CONTROL NUMBER
control field 18218
003 - CONTROL NUMBER IDENTIFIER
control field GE_BSU
005 - DATE AND TIME OF LATEST TRANSACTION
control field 20240328172915.0
008 - FIXED-LENGTH DATA ELEMENTS--GENERAL INFORMATION
fixed length control field 181216s2015||||gw |||||||||||||| ||ger||
020 ## - INTERNATIONAL STANDARD BOOK NUMBER
International Standard Book Number 9783823368687
040 ## - CATALOGING SOURCE
Transcribing agency GE_BSU
041 ## - LANGUAGE CODE
Language code of text/sound track or separate title ger
080 ## - UNIVERSAL DECIMAL CLASSIFICATION NUMBER
Universal Decimal Classification number 811.112 B-43
100 ## - MAIN ENTRY--PERSONAL NAME
Personal name Bendel, Larcher Sylvia
9 (RLIN) 13638
245 ## - TITLE STATEMENT
Title Linguistische Diskursanalyse:
Remainder of title Ein Lehr- und Arbeitsbuch /
Statement of responsibility, etc. Bendel Larcher Sylvia
264 ## - PRODUCTION, PUBLICATION, DISTRIBUTION, MANUFACTURE, AND COPYRIGHT NOTICE
Place of production, publication, distribution, manufacture Munchen :
Name of producer, publisher, distributor, manufacturer Narr Dr. Gunter,
Date of production, publication, distribution, manufacture, or copyright notice 2015.
300 ## - PHYSICAL DESCRIPTION
Extent 256 p.;
Other physical details 24 cm.
653 ## - INDEX TERM--UNCONTROLLED
keyword გერმანული გრამატიკა
653 ## - INDEX TERM--UNCONTROLLED
keyword ენობრივი დისკურსის ანალიზი.
942 ## - ADDED ENTRY ELEMENTS (KOHA)
Koha item type წიგნი
Source of classification or shelving scheme
ეგზემპლარები
Withdrawn status Lost status Source of classification or shelving scheme Damaged status Not for loan Permanent Location Current Location Shelving location Date acquired Cost, normal purchase price Full call number Barcode Date last seen Copy number Price effective from Koha item type Public note
          ბათუმის შოთა რუსთაველის სახელმწიფო უნივერსიტეტის მთავარი ბიბლიოთეკა ბათუმის შოთა რუსთაველის სახელმწიფო უნივერსიტეტის მთავარი ბიბლიოთეკა წიგნსაცავი 2018-12-17 84.00 811.112 B-43 46420 2018-12-17 46420 2018-12-17 წიგნი 84 ლ.
          ბათუმის შოთა რუსთაველის სახელმწიფო უნივერსიტეტის მთავარი ბიბლიოთეკა ბათუმის შოთა რუსთაველის სახელმწიფო უნივერსიტეტის მთავარი ბიბლიოთეკა წიგნსაცავი 2024-03-28 141.00 811.112 B-43 67743 2024-03-28 67743 2024-03-28 წიგნი 141 ლ.
          ბათუმის შოთა რუსთაველის სახელმწიფო უნივერსიტეტის მთავარი ბიბლიოთეკა ბათუმის შოთა რუსთაველის სახელმწიფო უნივერსიტეტის მთავარი ბიბლიოთეკა წიგნსაცავი 2024-03-28 141.00 811.112 B-43 67744 2024-03-28 67744 2024-03-28 წიგნი 141 ლ.